Positive mind power : (Record no. 199329)

MARC details
000 -LEADER
fixed length control field 00965nam a22002417a 4500
005 - DATE AND TIME OF LATEST TRANSACTION
control field 20231218143859.0
008 - FIXED-LENGTH DATA ELEMENTS--GENERAL INFORMATION
fixed length control field 130117t xxu||||| |||| 00| 0 eng d
010 ## - LCCN (DPL NO)
LC control number B-756079-085
020 ## - INTERNATIONAL STANDARD BOOK NUMBER
International Standard Book Number 9788183823029
Terms of availability 250.00
035 ## - SYSTEM CONTROL NUMBER
System control number B-756079-085
037 ## - SOURCE OF ACQUISITION
Source of stock number/acquisition Lotus Press
040 ## - CATALOGING SOURCE
Language of cataloging ENG
082 ## - DEWEY DECIMAL CLASSIFICATION NUMBER
Classification number 280
100 ## - MAIN ENTRY--PERSONAL NAME
Personal name Kamath, A. K.
9 (RLIN) 54844
245 ## - TITLE STATEMENT
Title Positive mind power :
Statement of responsibility, etc by A. K. Kamath
Remainder of title (lessons that guide and inspire) /
260 ## - PUBLICATION, DISTRIBUTION, ETC. (IMPRINT)
Place of publication, distribution, etc New Delhi
Name of publisher, distributor, etc Lotus Press
Date of publication, distribution, etc 2023
270 ## - ADDRESS
Address 4735/22 , Prakash Deep Building Ansari Road, Darya Ganj,
City New Delhi
Postal code 110002
300 ## - PHYSICAL DESCRIPTION
Extent v, 208p.
Dimensions 22cm(pbk)
500 ## - GENERAL NOTE
General note Includes selected readings
651 ## - SUBJECT ADDED ENTRY--GEOGRAPHIC NAME
Geographic name India
General subdivision History
Chronological subdivision To 1206 A.D.
9 (RLIN) 54845
942 ## - ADDED ENTRY ELEMENTS (KOHA)
Source of classification or shelving scheme Dewey Decimal Classification
Item type English Books
Call number suffix KAM
Classification part 280
Holdings
Withdrawn status Lost status Source of classification or shelving scheme Damaged status Not for loan Collection code Home library Current library Date acquired Source of acquisition Cost, normal purchase price Total Checkouts Total Renewals Full call number Barcode Date last seen Copy number Cost, replacement price Koha item type
    Dewey Decimal Classification     Non-fiction Ashok Vihar Ashok Vihar 18/12/2023 Lotus Press/198/27.12.23/41/23.11.23/1.12.23 250.00 5 6 KAM 280 B-756080 27/03/2026 2 250.00 English Books
    Dewey Decimal Classification     Non-fiction Bawana Bawana 18/12/2023 Lotus Press/198/27.12.23/41/23.11.23/1.12.23 250.00 1   KAM 280 B-756084 13/06/2024 6 250.00 English Books
    Dewey Decimal Classification     Non-fiction Central Jail Tihar Central Jail Tihar 18/12/2023 Lotus Press/198/27.12.23/41/23.11.23/1.12.23 250.00 1   KAM 280 B-756082 06/12/2024 4 250.00 English Books
    Dewey Decimal Classification     Non-fiction Central Library Central Library 18/12/2023 Lotus Press/198/27.12.23/41/23.11.23/1.12.23 250.00 6 2 KAM 280 B-756079 24/01/2026 1 250.00 English Books
    Dewey Decimal Classification     Non-fiction Sarojini Nagar Sarojini Nagar 18/12/2023 Lotus Press/198/27.12.23/41/23.11.23/1.12.23 250.00 1   KAM 280 B-756083 03/02/2024 5 250.00 English Books
    Dewey Decimal Classification     Non-fiction Shahdara Branch Shahdara Branch 18/12/2023 Lotus Press/198/27.12.23/41/23.11.23/1.12.23 250.00 6 4 KAM 280 B-756085 02/05/2026 7 250.00 English Books
    Dewey Decimal Classification     Non-fiction Tri Nagar Tri Nagar 18/12/2023 Lotus Press/198/27.12.23/41/23.11.23/1.12.23 250.00     KAM 280 B-756081 18/12/2023 3 250.00 English Books

© Delhi Public Library
Hit Counter
free hit counter